Central Library OPAC University of Rajshahi

Pakistan development schemes : (Record no. 71850)

MARC details
000 -LEADER
fixed length control field 00669nam a2200217 a 4500
001 - CONTROL NUMBER
control field 71850
003 - CONTROL NUMBER IDENTIFIER
rucl marc code BD-RjUL
005 - DATE AND TIME OF LATEST TRANSACTION
control field 20211209082153.0
008 - FIXED-LENGTH DATA ELEMENTS--GENERAL INFORMATION
fixed length control field 170508s1950 pk o000 0 eng
035 ## - SYSTEM CONTROL NUMBER
System control number (BD-RjUL)72066
040 ## - CATALOGING SOURCE
Original cataloging agency DLC
Transcribing agency MnU
Modifying agency DLC
-- BD-RjUL
Language of cataloging eng
041 ## - LANGUAGE CODE
Language code of text/sound track or separate title eng
082 ## - DEWEY DECIMAL CLASSIFICATION NUMBER
Classification number 351.8
Edition number 23
Author mark and year PAK 1950
110 1# - MAIN ENTRY--CORPORATE NAME
Corporate name or jurisdiction name as entry element Pakistan.
Subordinate unit Development Board.
9 (RLIN) 212734
245 10 - TITLE STATEMENT
Title Pakistan development schemes :
Remainder of title approved between January 1948 and February 1950.
260 ## - PUBLICATION, DISTRIBUTION, ETC. (IMPRINT)
Place of publication, distribution, etc. Karachi :
Date of publication, distribution, etc. Development Board,
Name of publisher, distributor, etc. 1950.
300 ## - PHYSICAL DESCRIPTION
Pagination 75 p. ;
Size 25 cm.
650 #0 - SUBJECT ADDED ENTRY--TOPICAL TERM
Topical term or geographic name as entry element Public works
Geographic subdivision Pakistan.
9 (RLIN) 212535
710 ## - ADDED ENTRY--CORPORATE NAME
Corporate name or jurisdiction name as entry element Pakistan
Subordinate unit Development Board.
9 (RLIN) 212542
942 ## - ADDED ENTRY ELEMENTS (KOHA)
Source of classification or shelving scheme Dewey Decimal Classification
Koha item type Books
Holdings
Lost status Source of classification or shelving scheme Damaged status Not for loan Collection code Permanent Location Current Location Shelving location Date acquired Source of acquisition Cost, normal purchase price Total Checkouts Full call number Date last seen Copy number Koha item type
  Dewey Decimal Classification   Not For Loan Non-fiction Central Library, University of Rajshahi Central Library, University of Rajshahi Reading Room 21/01/1955 C.P.B. Dacca 2.00   351.8 PAK 1950 08/05/2017 C-1 Books